000 00412nam a2200145Ia 4500
008 100122s9999 xx 000 0 und d
082 _b67032
_a920.72
100 _aसप्रे मधुवंती
245 _aअर्जुनी
260 _bप्रतीक प्रकाशन
_c2005
300 _a130
630 _aअर्जुनी
730 _aअर्जुनी
942 _cBOOK
999 _c439348
_d439345